Normal view
MARC view
- جمعية المكتبات والمعلومات الآردنية، جامعة البلقاء التطبيقية؛ إشراف امل محمد زاش
Entry Personal Name
001 - CONTROL NUMBER
- control field: 45921
003 - CONTROL NUMBER IDENTIFIER
- control field: JO-AjAnu
005 - DATE AND TIME OF LATEST TRANSACTION
- control field: 20230606081607.0
008 - FIXED-LENGTH DATA ELEMENTS
- fixed length control field: 230606|| aca||aabn | a|a d
040 ## - CATALOGING SOURCE
- Original cataloging agency: JO-AjAnu
- Transcribing agency: JO-AjAnu
100 ## - HEADING--PERSONAL NAME
- Personal name: جمعية المكتبات والمعلومات الآردنية، جامعة البلقاء التطبيقية؛ إشراف امل محمد زاش
670 ## - SOURCE DATA FOUND
- Source citation: Work cat.: (JO-AjAnu)23508: جمعية المكتبات والمعلومات الآردنية، جامعة البلقاء التطبيقية؛ إشراف امل محمد زاش, author, وقائع المؤتمر الدولي الأول بعنوان المكتبات ومراكز المعلومات في بيئة رقمية متغيرة = Libraries and Information Centers in A Changing Digital Environment، عمان 24 - 26/ 12/1434هجري 29-31 / 10/ 2013م